Ancient ideals : (Record no. 23658)
[ view plain ]
| 000 -LEADER | |
|---|---|
| fixed length control field | 00889cam a22002651 4500 |
| 001 - CONTROL NUMBER | |
| control field | 23658 |
| 003 - CONTROL NUMBER IDENTIFIER | |
| rucl marc code | BD-RjUL |
| 005 - DATE AND TIME OF LATEST TRANSACTION | |
| control field | 20211209000945.0 |
| 008 - FIXED-LENGTH DATA ELEMENTS--GENERAL INFORMATION | |
| fixed length control field | 140311r19301913nyu 001 0 eng d |
| 035 ## - SYSTEM CONTROL NUMBER | |
| System control number | (BD-RjUL)23723 |
| System control number | (OCoLC)801813 |
| 040 ## - CATALOGING SOURCE | |
| Original cataloging agency | DLC |
| Transcribing agency | OKentU |
| Modifying agency | DLC |
| -- | BD-RjUL |
| Language of cataloging | eng |
| 041 ## - LANGUAGE CODE | |
| Language code of text/sound track or separate title | eng |
| 082 00 - DEWEY DECIMAL CLASSIFICATION NUMBER | |
| Classification number | 901.91 |
| Author mark and year | TAA V-2 1930 |
| 100 1# - MAIN ENTRY--PERSONAL NAME | |
| Personal name | Taylor, Henry Osborn, |
| Dates associated with a name | 1856-1941. |
| 9 (RLIN) | 72829 |
| 245 10 - TITLE STATEMENT | |
| Title | Ancient ideals : |
| Remainder of title | a study of intellectual and spiritual growth from early times to the establishment of Christianity / |
| Statement of responsibility, etc. | by Henry Osborn Taylor. |
| Number of part/section of a work | Volume II |
| 260 ## - PUBLICATION, DISTRIBUTION, ETC. (IMPRINT) | |
| Place of publication, distribution, etc. | New York : |
| Name of publisher, distributor, etc. | The Macmillan company, |
| Date of publication, distribution, etc. | c1913. [Reprinted 1930] |
| 300 ## - PHYSICAL DESCRIPTION | |
| Pagination | vii,430p. ; |
| Size | 23 cm. |
| 504 ## - BIBLIOGRAPHY, ETC. NOTE | |
| Bibliography, etc | Includes Index |
| 650 #0 - SUBJECT ADDED ENTRY--TOPICAL TERM | |
| Topical term or geographic name as entry element | Civilization, Ancient. |
| 9 (RLIN) | 34340 |
| Topical term or geographic name as entry element | Civilization |
| General subdivision | History. |
| 9 (RLIN) | 72830 |
| 942 ## - ADDED ENTRY ELEMENTS (KOHA) | |
| Source of classification or shelving scheme | Dewey Decimal Classification |
| Koha item type | Books |
| Lost status | Source of classification or shelving scheme | Damaged status | Not for loan | Collection code | Permanent Location | Current Location | Shelving location | Date acquired | Source of acquisition | Cost, normal purchase price | Total Checkouts | Full call number | Date last seen | Copy number | Koha item type |
|---|---|---|---|---|---|---|---|---|---|---|---|---|---|---|---|
| Dewey Decimal Classification | Added to bundle | Non-fiction | Central Library, University of Rajshahi | Central Library, University of Rajshahi | Reading Room | 12/04/1955 | Allies books | 18.12 | 901.91 TAA V-2 1930 | 11/03/2014 | C-1 | Books |